Boston Slang - Statistics

General Stats
  • This quiz has been taken 183 times
  • The average score is 12 of 15
Answer Stats
Question Answer % Correct
What does it mean to "bang a uey"? to make a u-turn
95%
What is a "bubbler"? a drinking fountain
94%
What is "The T"? the train and bus system
94%
What is a "nor’easter"? a winter storm
93%
Which of the following do we use to refer to a TV remote? clicker
92%
What is a "tonic"? soda
91%
What are we referring to when we say "cellar"? the basement
90%
What is a "packie"? a liquor store
83%
What does "wicked" mean? very
81%
What are we referring to when we say "grinder"? a sandwich
76%
Which of the following do we use to refer to a shopping cart? carriage
72%
What is a "hoodsie"? an ice cream
68%
What is a "leaf-peeper"? a tourist
67%
What does it mean if something is "pissa"? awesome
67%
Which of the following words do we use to describe a living room? parlor
44%
No matching quizzes found
Score Distribution
Percent of People with Each Score
Percentile by Number Answered
Your Score History
You have not taken this quiz